Sports Quiz

Random Sports or WWE Quiz

WWE Hall of Fame Managers Quiz Stats

 Plays Quiz not verified by Sporcle

Score 0/18 Timer 03:00
0 Plays Today
Year Manager/Valet % Correct
2014Paul Bearer
94.3%
2005Jimmy Hart
93.6%
2007Mr. Fuji
92.2%
2004Bobby Heenan
91.4%
2014Lita
85.7%
2013Trish Stratus
82.4%
2011Sunny
81%
2011*Paul Ellering
76.6%
2010Ted DiBiase
76.5%
Year Manager/Valet % Correct
2006Sensational Sherri
76.1%
1994Freddie Blassie
69.5%
2012*James J. Dillon
67.1%
1996Lou Albano
66.9%
1995The Grand Wizard
61.8%
2007*Afa
58.7%
1994Arnold Skaaland
58.2%
2004Harley Race
46.9%
1996*Johnny Valiant
41%

You're not logged in!

Compare scores with friends on all Sporcle quizzes.
OR
Log In

You Might Also Like...

Show Comments

Extras

Top Quizzes Today


Score Distribution

Your Account Isn't Verified!

In order to create a playlist on Sporcle, you need to verify the email address you used during registration. Go to your Sporcle Settings to finish the process.

Report this User

Report this user for behavior that violates our Community Guidelines.

Details: